Fr. Conceicao Rodrigues College of Engineering

Linux in a Nutshell (Record no. 20490)

MARC details
000 -LEADER
fixed length control field 00338nam a2200157Ia 4500
082 ## - DEWEY DECIMAL CLASSIFICATION NUMBER
Classification number 005.133'L'
Item number SIE/
100 ## - MAIN ENTRY--PERSONAL NAME
Personal name Siever/ Ellen/ Spainbour/ Stephen
250 ## - EDITION STATEMENT
Edition statement 3
245 ## - TITLE STATEMENT
Title Linux in a Nutshell
260 ## - PUBLICATION, DISTRIBUTION, ETC.
Name of publisher, distributor, etc. Oreilly & Ass Inc
Date of publication, distribution, etc. 2000
300 ## - PHYSICAL DESCRIPTION
Extent 797
546 ## - LANGUAGE NOTE
Language note ENGLISH
654 ## - SUBJECT ADDED ENTRY--FACETED TOPICAL TERMS
Focus term linux
942 ## - ADDED ENTRY ELEMENTS (KOHA)
Koha item type BOOK
Holdings
Withdrawn status Lost status Damaged status Not for loan Collection Home library Current library Date acquired Total Checkouts Full call number Barcode Date due Date last seen Date last checked out Price effective from Koha item type
        CRC Fr. Agnel's C.Rodrigues College of Engineering Fr. Agnel's C.Rodrigues- College of Engineering 17/03/2023 1 005.133'L' SIE/ 12406 28/06/2008 05/06/2023 05/06/2023 17/03/2023 BOOK